000 00636cam a2200229ua 4500
001 9659
008 180322n ii |||gr||||Z||||||asm
020 _a9789384303334
040 _cMAIN
041 _aasm
082 _a370
100 _aGoswami, Moromi,
_eAuthor.
245 _aShiksha :
_bdarshanik aru samajtattik vitti /
_cby Moromi Goswami .
250 _a1st ed.
260 _aDibrugarh:
_bMahaveer publications,
_c2015.
300 _a336p.
653 _aEducation
653 _aFoundations of education
653 _aSociological foundation of education
653 _aPhilosophical foundation of education
942 _cBK
999 _c8679
_d8679